<?xml version="1.0" encoding="UTF-8"?><marc:collection xmlns:marc="http://www.loc.gov/MARC21/slim">
  <marc:record>
    <marc:leader>02195pam a2200469 c 4500</marc:leader>
    <marc:controlfield tag="001">901212601</marc:controlfield>
    <marc:controlfield tag="003">DE-101</marc:controlfield>
    <marc:controlfield tag="005">20171202152413.0</marc:controlfield>
    <marc:controlfield tag="007">tu</marc:controlfield>
    <marc:controlfield tag="008">900823s1991    gw ||||| |||| 00||||ger  </marc:controlfield>
    <marc:datafield tag="015" ind1=" " ind2=" ">
      <marc:subfield code="a">91,A24,0186</marc:subfield>
      <marc:subfield code="z">90,N51,0174</marc:subfield>
      <marc:subfield code="2">dnb</marc:subfield>
    </marc:datafield>
    <marc:datafield tag="016" ind1="7" ind2=" ">
      <marc:subfield code="2">DE-101</marc:subfield>
      <marc:subfield code="a">901212601</marc:subfield>
    </marc:datafield>
    <marc:datafield tag="020" ind1=" " ind2=" ">
      <marc:subfield code="a">9783631431917</marc:subfield>
      <marc:subfield code="c">kart. : sfr 50.00 (freier Pr.)</marc:subfield>
      <marc:subfield code="9">978-3-631-43191-7</marc:subfield>
    </marc:datafield>
    <marc:datafield tag="020" ind1=" " ind2=" ">
      <marc:subfield code="a">3631431910</marc:subfield>
      <marc:subfield code="c">kart. : sfr 50.00 (freier Pr.)</marc:subfield>
      <marc:subfield code="9">3-631-43191-0</marc:subfield>
    </marc:datafield>
    <marc:datafield tag="035" ind1=" " ind2=" ">
      <marc:subfield code="a">(DE-599)DNB901212601</marc:subfield>
    </marc:datafield>
    <marc:datafield tag="035" ind1=" " ind2=" ">
      <marc:subfield code="a">(OCoLC)246623871</marc:subfield>
    </marc:datafield>
    <marc:datafield tag="040" ind1=" " ind2=" ">
      <marc:subfield code="a">1200</marc:subfield>
      <marc:subfield code="b">ger</marc:subfield>
      <marc:subfield code="c">DE-101</marc:subfield>
      <marc:subfield code="d">9999</marc:subfield>
    </marc:datafield>
    <marc:datafield tag="041" ind1=" " ind2=" ">
      <marc:subfield code="a">ger</marc:subfield>
    </marc:datafield>
    <marc:datafield tag="043" ind1=" " ind2=" ">
      <marc:subfield code="c">XB-JP</marc:subfield>
    </marc:datafield>
    <marc:datafield tag="044" ind1=" " ind2=" ">
      <marc:subfield code="c">XA-DE</marc:subfield>
    </marc:datafield>
    <marc:datafield tag="084" ind1=" " ind2=" ">
      <marc:subfield code="a">17</marc:subfield>
      <marc:subfield code="a">330</marc:subfield>
      <marc:subfield code="a">380</marc:subfield>
      <marc:subfield code="a">650</marc:subfield>
      <marc:subfield code="a">670</marc:subfield>
      <marc:subfield code="q">DE-101</marc:subfield>
      <marc:subfield code="2">sdnb</marc:subfield>
    </marc:datafield>
    <marc:datafield tag="084" ind1=" " ind2=" ">
      <marc:subfield code="a">10.9b</marc:subfield>
      <marc:subfield code="a">10.9c</marc:subfield>
      <marc:subfield code="q">DE-101</marc:subfield>
      <marc:subfield code="2">sswd</marc:subfield>
    </marc:datafield>
    <marc:datafield tag="100" ind1="1" ind2=" ">
      <marc:subfield code="8">1\p</marc:subfield>
      <marc:subfield code="0">(DE-588)170961591</marc:subfield>
      <marc:subfield code="0">https://d-nb.info/gnd/170961591</marc:subfield>
      <marc:subfield code="0">(DE-101)170961591</marc:subfield>
      <marc:subfield code="a">Arora, Dayanand</marc:subfield>
      <marc:subfield code="d">1958-</marc:subfield>
      <marc:subfield code="e">Verfasser</marc:subfield>
      <marc:subfield code="4">aut</marc:subfield>
      <marc:subfield code="2">gnd</marc:subfield>
    </marc:datafield>
    <marc:datafield tag="245" ind1="1" ind2="0">
      <marc:subfield code="a">Investment banking in Japan</marc:subfield>
      <marc:subfield code="b">retrospect and prospects</marc:subfield>
      <marc:subfield code="c">Dayanand Arora</marc:subfield>
    </marc:datafield>
    <marc:datafield tag="264" ind1=" " ind2="1">
      <marc:subfield code="a">Frankfurt am Main</marc:subfield>
      <marc:subfield code="a">Bern</marc:subfield>
      <marc:subfield code="a">New York</marc:subfield>
      <marc:subfield code="a">Paris</marc:subfield>
      <marc:subfield code="b">Lang</marc:subfield>
      <marc:subfield code="c">1991</marc:subfield>
    </marc:datafield>
    <marc:datafield tag="300" ind1=" " ind2=" ">
      <marc:subfield code="a">XVII, 169 S.</marc:subfield>
      <marc:subfield code="b">graph. Darst.</marc:subfield>
      <marc:subfield code="c">21 cm</marc:subfield>
    </marc:datafield>
    <marc:datafield tag="336" ind1=" " ind2=" ">
      <marc:subfield code="a">Text</marc:subfield>
      <marc:subfield code="b">txt</marc:subfield>
      <marc:subfield code="2">rdacontent</marc:subfield>
    </marc:datafield>
    <marc:datafield tag="337" ind1=" " ind2=" ">
      <marc:subfield code="a">ohne Hilfsmittel zu benutzen</marc:subfield>
      <marc:subfield code="b">n</marc:subfield>
      <marc:subfield code="2">rdamedia</marc:subfield>
    </marc:datafield>
    <marc:datafield tag="338" ind1=" " ind2=" ">
      <marc:subfield code="a">Band</marc:subfield>
      <marc:subfield code="b">nc</marc:subfield>
      <marc:subfield code="2">rdacarrier</marc:subfield>
    </marc:datafield>
    <marc:datafield tag="366" ind1=" " ind2=" ">
      <marc:subfield code="c">OP 20221008</marc:subfield>
      <marc:subfield code="2">onixas</marc:subfield>
    </marc:datafield>
    <marc:datafield tag="490" ind1="1" ind2=" ">
      <marc:subfield code="a">European university studies : Ser. 5, Economics and management</marc:subfield>
      <marc:subfield code="v">Vol. 1141</marc:subfield>
    </marc:datafield>
    <marc:datafield tag="500" ind1=" " ind2=" ">
      <marc:subfield code="a">Literaturverz. S. 156 - 162</marc:subfield>
    </marc:datafield>
    <marc:datafield tag="650" ind1=" " ind2="7">
      <marc:subfield code="0">(DE-588)4200159-6</marc:subfield>
      <marc:subfield code="0">https://d-nb.info/gnd/4200159-6</marc:subfield>
      <marc:subfield code="0">(DE-101)042001595</marc:subfield>
      <marc:subfield code="a">Investment Banking</marc:subfield>
      <marc:subfield code="9">rswk-swf</marc:subfield>
      <marc:subfield code="2">gnd</marc:subfield>
    </marc:datafield>
    <marc:datafield tag="651" ind1=" " ind2="7">
      <marc:subfield code="0">(DE-588)4028495-5</marc:subfield>
      <marc:subfield code="0">https://d-nb.info/gnd/4028495-5</marc:subfield>
      <marc:subfield code="0">(DE-101)040284956</marc:subfield>
      <marc:subfield code="a">Japan</marc:subfield>
      <marc:subfield code="9">rswk-swf</marc:subfield>
      <marc:subfield code="2">gnd</marc:subfield>
    </marc:datafield>
    <marc:datafield tag="689" ind1="0" ind2="0">
      <marc:subfield code="0">(DE-588)4028495-5</marc:subfield>
      <marc:subfield code="0">https://d-nb.info/gnd/4028495-5</marc:subfield>
      <marc:subfield code="0">(DE-101)040284956</marc:subfield>
      <marc:subfield code="D">g</marc:subfield>
      <marc:subfield code="a">Japan</marc:subfield>
    </marc:datafield>
    <marc:datafield tag="689" ind1="0" ind2="1">
      <marc:subfield code="0">(DE-588)4200159-6</marc:subfield>
      <marc:subfield code="0">https://d-nb.info/gnd/4200159-6</marc:subfield>
      <marc:subfield code="0">(DE-101)042001595</marc:subfield>
      <marc:subfield code="D">s</marc:subfield>
      <marc:subfield code="a">Investment Banking</marc:subfield>
    </marc:datafield>
    <marc:datafield tag="689" ind1="0" ind2=" ">
      <marc:subfield code="5">DE-101</marc:subfield>
      <marc:subfield code="5">DE-101</marc:subfield>
    </marc:datafield>
    <marc:datafield tag="830" ind1=" " ind2="0">
      <marc:subfield code="a">Europäische Hochschulschriften / 5</marc:subfield>
      <marc:subfield code="n">Reihe 5</marc:subfield>
      <marc:subfield code="p">Volks- und Betriebswirtschaft</marc:subfield>
      <marc:subfield code="t">Europäische Hochschulschriften</marc:subfield>
      <marc:subfield code="v">Vol. 1141</marc:subfield>
      <marc:subfield code="w">(DE-101)012681407</marc:subfield>
      <marc:subfield code="w">(DE-600)510547-X</marc:subfield>
      <marc:subfield code="9">41141</marc:subfield>
      <marc:subfield code="7">as</marc:subfield>
    </marc:datafield>
    <marc:datafield tag="850" ind1=" " ind2=" ">
      <marc:subfield code="a">DE-101a</marc:subfield>
      <marc:subfield code="a">DE-101b</marc:subfield>
    </marc:datafield>
    <marc:datafield tag="856" ind1="4" ind2="2">
      <marc:subfield code="m">V:DE-605</marc:subfield>
      <marc:subfield code="q">application/pdf</marc:subfield>
      <marc:subfield code="u">https://d-nb.info/901212601/04</marc:subfield>
      <marc:subfield code="3">Inhaltsverzeichnis</marc:subfield>
    </marc:datafield>
    <marc:datafield tag="883" ind1=" " ind2=" ">
      <marc:subfield code="8">1\p</marc:subfield>
      <marc:subfield code="a">cgwrk</marc:subfield>
      <marc:subfield code="d">20210314</marc:subfield>
      <marc:subfield code="q">DE-101</marc:subfield>
      <marc:subfield code="u">https://d-nb.info/provenance/plan#cgwrk</marc:subfield>
    </marc:datafield>
    <marc:datafield tag="925" ind1="r" ind2=" ">
      <marc:subfield code="a">ra</marc:subfield>
    </marc:datafield>
  </marc:record>
</marc:collection>
